000 01202nas a2200337 4500
001 BR2013005988
003 BR-BrBNA
005 20231205122727.0
007 ta
008 230509b bl.|||p| |||| 00| 00por d
040 _aBR-BrBNA
_bpor
_cBiblioteca Nacional de Agricultura
041 _a(Pt)
072 _aK10
100 1 _aRode, R.
100 1 _aFigueiredo Filho, A.
100 1 _aMachado, S. do A.
100 1 _aGalvão, F.
245 1 _aGrupos florísticos e espécies discriminantes em povoamento de Araucaria angustifolia e uma floresta ombrófila mista
246 1 _aFloristic groups and discriminant species in stands with Araucaria angustifolia and a mixed ombrophylous forest
650 _aARAUCARIA ANGUSTIFOLIA
650 _aPINHEIRO-DO-PARANÁ
650 _aFLORESTA
650 _aCOMPOSIÇÃO BOTÂNICA
650 _aLEVANTAMENTO
650 _aPOPULAÇÃO
650 _aMÉTODO ESTATÍSTICO
773 0 _tRevista Árvore (Brazil)
_xISSN 0100-6762
_g(Mar-Apr 2011), v. 35(2) p. 319-327
_wBR2013005988
856 4 _uhttp://www.scielo.br/pdf/rarv/v35n2/a16v35n2.pdf
_yRecurso eletrônico (PDF)
909 _a202311
_bLúcia
_c55
_dLúcia Elande
942 _2AGRIS
_n0
_cANA
999 _c230207
_d230207